| 000 | 00387cam a22001217a 4500 | ||
|---|---|---|---|
| 008 | 180718b1956 xxu||||| |||| 00| 0 eng d | ||
| 082 | _aCox612 K526 | ||
| 100 | _aKhalidi, Ismail Raghip | ||
| 245 |
_aConstitutional development in Libya _cby Ismail Raghip Khalidi |
||
| 260 |
_aBeirut _bKhayat's College Book Cooperative _c1956 |
||
| 300 | _a128p. | ||
| 650 | _aConstitutional history --Libya | ||
| 999 |
_c369091 _d369091 |
||